000 00474nam a2200157 i 4500
001 bg
100 1 _aPAŁASZEWSKI, Tadeusz
245 0 _aRachunek cen i kosztów w budownictwie /
_cTadeusz Pałaszewski.
250 _aWyd.3 zaktual.
260 _aWarszawa,
_c1979.
040 _cBPK
041 _apol
942 _cKS
008 s pl f |000 0 pol
856 _uhttp://koha.tu.koszalin.pl/cgi-bin/koha/opac-detail.pl?biblionumber=19180
_yKatalog online BPK
999 _c19180
_d19180